Home Print Resources E-Books E-Journals IIMT Lecture Series Library Membership Form Book Recommendation Form Campus Tour Take AdmissionAbout Us Contact Us

FUNDAMENTALS OF FINANCIAL DERIVATIVES (Record no. 2572)

000 -LEADER
fixed length control field 00391nam a2200157Ia 4500
003 - CONTROL NUMBER IDENTIFIER
control field OSt
005 - DATE AND TIME OF LATEST TRANSACTION
control field 20240203113610.0
008 - FIXED-LENGTH DATA ELEMENTS--GENERAL INFORMATION
fixed length control field 170524s9999 xx 000 0 und d
020 ## - INTERNATIONAL STANDARD BOOK NUMBER
International Standard Book Number 9788126547395,
040 ## - CATALOGING SOURCE
Transcribing agency IIMT UNIVERSITY
100 ## - MAIN ENTRY--PERSONAL NAME
Personal name PARASURAMAN, N.R.
245 #0 - TITLE STATEMENT
Title FUNDAMENTALS OF FINANCIAL DERIVATIVES
260 ## - PUBLICATION, DISTRIBUTION, ETC.
Place of publication, distribution, etc. NEW DELHI
Name of publisher, distributor, etc. WILEY INDIA
Date of publication, distribution, etc. 2011
300 ## - PHYSICAL DESCRIPTION
Extent 307
942 ## - ADDED ENTRY ELEMENTS (KOHA)
Source of classification or shelving scheme
Koha item type Book Bank
Holdings
Withdrawn status Lost status Source of classification or shelving scheme Damaged status Not for loan Home library Current library Date acquired Barcode Date last seen Uniform Resource Identifier Price effective from Koha item type Public note Total Checkouts Total Renewals Full call number Date last checked out
          IIMT University Central Library Meerut IIMT University Central Library Meerut 05/31/2017 01-B-19937 05/31/2017 FINANCIAL MANEGEMANT 05/31/2017 Book Bank        
          IIMT University Central Library Meerut IIMT University Central Library Meerut 05/31/2017 01-B-19938 10/24/2025 FINANCIAL MANEGEMANT 05/31/2017 Book Bank   6 3 R 10/15/2025
          IIMT University Central Library Meerut IIMT University Central Library Meerut 05/31/2017 01-B-19939 06/17/2023 FINANCIAL MANEGEMANT 05/31/2017 Book Bank   2     03/18/2023
          IIMT University Central Library Meerut IIMT University Central Library Meerut 05/31/2017 01-B-19940 07/01/2025 FINANCIAL MANEGEMANT 05/31/2017 Book Bank   3     02/18/2025
IIMT, Central Library. All Rights Reserved IIMT,UNIVERSITY © 2023
Implemented and Customised by I CLOUDE EMS
You Are OPAC Visitor No
free web counter

Powered by Koha